Toddle Waddle Quiz Stats

 Plays Quiz not verified by Sporcle

Score 0/52 Timer 06:00
0 Plays Today
% Correct
waddle
95.8%
toddle
91.7%
flip
66.7%
flop
66.7%
clip
54.2%
munch
54.2%
crunch
54.2%
hurry
50%
ting-a-ling
50%
clop
50%
leap
50%
slurp
50%
helter-skelter
50%
scurry
45.8%
creep
45.8%
stop
45.8%
ping
45.8%
boing
41.7%
chitter
41.7%
chatter
41.7%
pong
41.7%
thrum
41.7%
boogie
41.7%
bye-bye
41.7%
roly-poly
37.5%
snip
37.5%
% Correct
buzz
37.5%
woogie
37.5%
splish
37.5%
splash
37.5%
choo
33.3%
snap
33.3%
puff
33.3%
flitter
29.2%
flutter
29.2%
hoot
29.2%
crash
29.2%
bash
25%
dance
25%
prance
25%
plink
25%
plonk
25%
toot
25%
see-saw
20.8%
jingle
20.8%
jangle
20.8%
hip
16.7%
hop
16.7%
twirl
12.5%
whirl
12.5%
wiggle
12.5%
waggle
8.3%

You're not logged in!

Compare scores with friends on all Sporcle quizzes.
OR
Log In

Show Comments

Extras

Top Quizzes Today


Score Distribution

Your Account Isn't Verified!

In order to create a playlist on Sporcle, you need to verify the email address you used during registration. Go to your Sporcle Settings to finish the process.

Report this User

Report this user for behavior that violates our Community Guidelines.

Details: